| 000 | 00688nam a22002177a 4500 | ||
|---|---|---|---|
| 999 |
_c17537 _d17537 |
||
| 003 | AR-CdUCM | ||
| 008 | 190313b ||||| |||| 00| 0 spa d | ||
| 040 |
_aMUNICIPALIDAD PROVINCIAL DEL CUSCO _cBIBLIOTECA MUNICIPAL DEL CUSCO |
||
| 082 |
_a818.39 / _bW55 _23ed. |
||
| 100 |
_aWhitman, Walt _912966 |
||
| 245 | _aCanto a mi mismo / | ||
| 260 |
_aBuenos Aires : _bLosada, _c1950. |
||
| 300 |
_a139 paginas ; _c19 cm. |
||
| 505 | _aContenido : Habla el prologo -- Canto a mi mismo -- Epilogo ... | ||
| 650 |
_aLiteratura _983 |
||
| 650 |
_aEspañola _924066 |
||
| 650 |
_aSiglo XX _98 |
||
| 700 |
_aLeón Felipe (Traducción) _937596 |
||
| 942 |
_2ddc _cLIBROS |
||
| 945 |
_arah _d08/05/2019 |
||